|
|
|
|
| LEADER |
00796nam a22002292a 4500 |
| 001 |
001270235 |
| 003 |
CZ BrMZK |
| 005 |
20151005105222.0 |
| 007 |
ta |
| 008 |
121211s1993 xr a er|||||||||||cze d |
| 015 |
|
|
|a cnb002470217
|
| 040 |
|
|
|a BOA001
|b cze
|
| 100 |
1 |
|
|a Kovář, Pavel,
|d 1944-
|7 mzk2004236867
|4 aut
|
| 245 |
1 |
0 |
|a MUDr. Plzák se zpovídá :
|b slavní a slavné psychiatrické "případy" 1950-89 /
|c Pavel Kovář
|
| 250 |
|
|
|a 1, vyd.
|
| 260 |
|
|
|a Praha :
|b EXIT,
|c 1993
|
| 300 |
|
|
|a 173 s.
|
| 856 |
4 |
1 |
|u http://www.digitalniknihovna.cz/mzk/uuid/uuid:6da2fa30-7a61-11e2-b212-005056827e52
|y Digitalizovaný dokument
|x NDK
|
| 910 |
|
|
|a BOA001
|b 1-1227.757
|
| 990 |
|
|
|a BK
|
| 991 |
|
|
|b 201212
|
| 996 |
6 |
|
|b 2610529390
|c 1-1227.757
|l MZK
|r Sklad / do 1 hodiny
|n 0
|w 001304524
|u 000010
|a 1
|e BOA001
|j MZK50
|s P
|